Normal view
MARC view
Entry Personal Name
001 - CONTROL NUMBER
- control field: 35757
003 - CONTROL NUMBER IDENTIFIER
- control field: OSt
005 - DATE AND TIME OF LATEST TRANSACTION
- control field: 20230221151850.0
008 - FIXED-LENGTH DATA ELEMENTS
- fixed length control field: 230221|| aca||aabn | a|a d
040 ## - CATALOGING SOURCE
- Original cataloging agency: OSt
- Transcribing agency: OSt
100 ## - HEADING--PERSONAL NAME
- Personal name: Belot, M., Kircher, P. and Muller, P.
670 ## - SOURCE DATA FOUND
- Source citation: Work cat.: (OSt)520991: Belot, M., Kircher, P. and Muller, P. , How wage announcements affect job search : a field experiment
